| 000 | 00705cab a2200217 4500 | ||
|---|---|---|---|
| 001 | WB2836-56 | ||
| 008 | 090401t1992 xxu||||| |||| 00| 0 eng d | ||
| 035 | _a(Sirsi) u12789 | ||
| 041 | _aeng | ||
| 245 | _aProperty code | ||
| 260 | _c1992 | ||
| 350 | _a0 | ||
| 490 |
_aEstates Gazette _v(9236) 12 September 1992, 47(1) |
||
| 520 | _aThe Solicitors` Property Group has issued a new code of practice for buyers and sellers which, it claims, `goes beyond all standards previously set by estate agents for property sales`. | ||
| 650 | _aCODE OF PRACTICE | ||
| 650 | _aSALE OF PROPERTY | ||
| 650 | _aVENDOR AND PURCHASER | ||
| 690 | _aPROPERTY LAW AND PRACTICE | ||
| 942 | _n0 | ||
| 948 | _c04/03/1997 | ||
| 999 |
_c8196 _d8196 |
||